[Event "Lichtenberger Sommer 2017"]
[Site "Berlin"]
[Date "2017.08.23"]
[Round "5.5"]
[White "Berger, Steve"]
[Black "Sieglen, Joachim"]
[Result "1-0"]
[WhiteElo "2412"]
[BlackElo "2228"]
[PlyCount "65"]
[EventDate "2017.??.??"]
[WhiteTeam "SK König Tegel"]
[BlackTeam "SC Untergrombach"]

1. e4 e6 2. d4 d5 3. Nc3 Bb4 4. e5 c5 5. a3 Bxc3+ 6. bxc3 Ne7 7. Qg4 Qc7 8.
Qxg7 Rg8 9. Qxh7 cxd4 10. Ne2 Nbc6 11. f4 dxc3 12. h4 d4 13. h5 Bd7 14. h6
O-O-O 15. Qd3 Be8 16. h7 Rh8 17. Ng3 f6 18. exf6 Nd5 19. Ne4 Kb8 20. Qg3 Rxh7
21. Rxh7 Qxh7 22. Ng5 Qf5 23. Bd3 Qxf6 24. f5+ Qe5+ 25. Qxe5+ Nxe5 26. Nxe6
Nxd3+ 27. cxd3 Rd7 28. Nxd4 Bh5 29. Kf2 Bd1 30. Bg5 c2 31. Rc1 Rf7 32. Kg1 Nc3
33. Bd2 1-0

[Event "Lichtenberger Sommer 2017"]
[Site "Berlin"]
[Date "2017.08.23"]
[Round "5.6"]
[White "Albrecht, Rainer"]
[Black "Petersen, Soren Boeck"]
[Result "1-0"]
[WhiteElo "2047"]
[BlackElo "2226"]
[PlyCount "53"]
[EventDate "2017.??.??"]
[WhiteTeam "SC Kreuzberg"]
[BlackTeam "Damhus Skakklub"]

1. d4 d5 2. Bf4 Nf6 3. e3 c5 4. c3 Nc6 5. Nd2 Qb6 6. Qb3 c4 7. Qc2 g6 8. e4
Nxe4 9. Nxe4 dxe4 10. Bxc4 Bg7 11. Ne2 O-O 12. O-O e5 13. dxe5 Nxe5 14. Bd5 Bf5
15. Bxe4 Bxe4 16. Qxe4 Qxb2 17. Rfb1 Qa3 18. Bxe5 Bxe5 19. Qxe5 Rad8 20. Rb3
Qxa2 21. Rbb1 Qd2 22. Ng3 Rfe8 23. Qb5 Qxc3 24. Qxb7 a5 25. h3 Rd4 26. Qb5 Ra8
27. Ne2 1-0

[Event "Lichtenberger Sommer 2017"]
[Site "Berlin"]
[Date "2017.08.23"]
[Round "5.7"]
[White "Barath M"]
[Black "Piotrowski, Christopher"]
[Result "1-0"]
[WhiteElo "2285"]
[BlackElo "2117"]
[PlyCount "49"]
[EventDate "2017.??.??"]
[WhiteTeam "SC Zugzwang 95 (Berlin)"]
[BlackTeam "SK König Tegel"]

1. d4 d5 2. c4 c6 3. Nf3 Nf6 4. e3 Bf5 5. Nc3 a6 6. Qb3 Ra7 7. Bd2 e6 8. Nh4
Be4 9. f3 dxc4 10. Bxc4 Bd5 11. g3 g5 12. Ng2 Bxf3 13. O-O Bxg2 14. Kxg2 b5 15.
Bxe6 fxe6 16. Qxe6+ Re7 17. Qxf6 Rg8 18. Rf5 Nd7 19. Qxc6 Rg6 20. Qf3 Bg7 21.
Nd5 g4 22. Qf4 Qa8 23. e4 Nc5 24. dxc5 Bh6 25. Qf2 1-0

[Event "Lichtenberger Sommer 2017"]
[Site "Berlin"]
[Date "2017.08.23"]
[Round "5.8"]
[White "Brustkern, Jürgen"]
[Black "Mätzkow, Maximilian Paul"]
[Result "1-0"]
[WhiteElo "2255"]
[BlackElo "2172"]
[PlyCount "101"]
[EventDate "2017.??.??"]
[WhiteTeam "SC Zugzwang 95 (Berlin)"]
[BlackTeam "ESV Eberswalde"]

1. d4 Nf6 2. c4 c5 3. e3 g6 4. Nc3 Bg7 5. d5 O-O 6. Nf3 d6 7. Be2 e6 8. O-O
exd5 9. cxd5 a6 10. a4 Re8 11. Nd2 Nbd7 12. h3 Nf8 13. e4 g5 14. Bf3 Ng6 15.
Nc4 h6 16. a5 Qe7 17. Nb6 Rb8 18. Re1 Nd7 19. Nxc8 Rbxc8 20. Ne2 Nde5 21. Ng3
Nxf3+ 22. Qxf3 Nh4 23. Qg4 f5 24. Nxf5 Nxf5 25. Qxf5 Rf8 26. Qg4 Bd4 27. Be3
Bxb2 28. Ra2 Bc3 29. Rc1 Bg7 30. h4 Rce8 31. f3 gxh4 32. Bxh6 Qf6 33. Qxg7+
Qxg7 34. Bxg7 Kxg7 35. Rb2 Rf7 36. Rb6 Rd7 37. Kf2 Kf6 38. Rxc5 Ke5 39. Ke3 Rf8
40. Rc2 Rg7 41. Rf2 Rd8 42. f4+ Kf6 43. Kd4 Rg3 44. e5+ Kf7 45. Rxd6 Rf8 46.
Rh6 Ra3 47. Rh5 Kg6 48. Rg5+ Kh6 49. e6 Rxf4+ 50. Rxf4 Kxg5 51. Rf8 1-0

[Event "Lichtenberger Sommer 2017"]
[Site "Berlin"]
[Date "2017.08.23"]
[Round "5.9"]
[White "Colpe, Malte"]
[Black "Buehler, Florian"]
[Result "1-0"]
[WhiteElo "2424"]
[BlackElo "2063"]
[PlyCount "111"]
[EventDate "2017.??.??"]
[WhiteTeam "Hamburger SK"]
[BlackTeam "Spgem Kötz/Ichenhausen"]

1. Nf3 d6 2. c4 g6 3. d4 f5 4. e3 Bg7 5. Be2 Nf6 6. b4 O-O 7. Bb2 Ne4 8. Nbd2
c6 9. Qb3 Nd7 10. Nxe4 fxe4 11. Nd2 Nf6 12. d5 e6 13. dxc6 bxc6 14. O-O d5 15.
Rac1 Bb7 16. Bd4 Ne8 17. cxd5 cxd5 18. Bxg7 Nxg7 19. a4 Nf5 20. Bg4 Rc8 21.
Rxc8 Qxc8 22. Qb2 Qd7 23. Qe5 Rc8 24. Nb3 Kf7 25. Nc5 Qe7 26. f3 exf3 27. Rxf3
Bc6 28. Bh3 h5 29. Bxf5 exf5 30. Qd4 Qf6 31. Rf1 Re8 32. b5 Ba8 33. Rc1 Qg5 34.
Rc3 h4 35. Nd3 Qxe3+ 36. Qxe3 Rxe3 37. Rc7+ Kf6 38. Nc5 d4 39. Rxa7 Be4 40. b6
d3 41. Nxe4+ fxe4 42. Rd7 Re1+ 43. Kf2 Re2+ 44. Kf1 Ra2 45. b7 Rb2 46. a5 Kf5
47. a6 Kf4 48. Rxd3 exd3 49. a7 Rb1+ 50. Kf2 Rb2+ 51. Ke1 Ke3 52. b8=Q Re2+ 53.
Kf1 Rf2+ 54. Kg1 Re2 55. Qe5+ Kd2 56. Qf4+ 1-0

[Event "Lichtenberger Sommer 2017"]
[Site "Berlin"]
[Date "2017.08.23"]
[Round "5.10"]
[White "Segerberg, Tomas"]
[Black "Von Herman, Ulf"]
[Result "1/2-1/2"]
[WhiteElo "2077"]
[BlackElo "2354"]
[PlyCount "115"]
[EventDate "2017.??.??"]
[WhiteTeam "SG NARVA Berlin"]
[BlackTeam "SK König Tegel"]

1. e4 c5 2. Nf3 Nc6 3. Bb5 g6 4. O-O Bg7 5. Re1 Nf6 6. Nc3 O-O 7. e5 Ng4 8.
Bxc6 dxc6 9. h3 Nh6 10. d4 cxd4 11. Qxd4 Qxd4 12. Nxd4 Nf5 13. Nf3 h5 14. Bf4
Be6 15. Rad1 Rad8 16. b3 b6 17. Kf1 Bc8 18. Rxd8 Rxd8 19. Rd1 Rxd1+ 20. Nxd1 c5
21. Ne3 Nxe3+ 22. fxe3 Bf5 23. Ne1 Kf8 24. e6 Bxe6 25. Bb8 a6 26. Ba7 b5 27.
Bxc5 Bc3 28. Nd3 Bf5 29. Nb4 Bxb4 30. Bxb4 Bxc2 31. Ba5 Bb1 32. a3 Bc2 33. b4
h4 34. Kf2 Be4 35. Bc7 Ke8 36. Bb6 Kd7 37. Ba5 Bb7 38. Bb6 e5 39. Ba5 f5 40.
Bb6 Bd5 41. Ba5 g5 42. Bb6 f4 43. Bc5 Ke6 44. Bb6 Kf5 45. Bc5 Ke4 46. Bb6 Kd3
47. Bc5 e4 48. Bb6 Be6 49. Bc5 f3 50. gxf3 Bxh3 51. Be7 Bf5 52. Bxg5 h3 53.
fxe4 Kxe4 54. Kg3 Kd3 55. Kh2 Kc3 56. Bd8 Kb3 57. Ba5 Kxa3 58. Kg3 1/2-1/2

[Event "Lichtenberger Sommer 2017"]
[Site "Berlin"]
[Date "2017.08.23"]
[Round "5.11"]
[White "Kornrumpf, Joachim"]
[Black "Rietze, Clemens"]
[Result "0-1"]
[WhiteElo "2074"]
[BlackElo "2343"]
[PlyCount "72"]
[EventDate "2017.??.??"]
[WhiteTeam "Preetzer TSV"]
[BlackTeam "SC Rotation Pankow"]

1. b3 e5 2. Bb2 Nc6 3. e3 g6 4. c4 Bg7 5. Qc2 Nge7 6. Nf3 O-O 7. a3 f5 8. d3 f4
9. e4 Nd4 10. Nxd4 exd4 11. Nd2 c5 12. b4 d6 13. Be2 Be6 14. O-O g5 15. Qd1 Ng6
16. bxc5 dxc5 17. Rb1 Qd7 18. h3 Kh8 19. a4 Rg8 20. Ba3 b6 21. a5 Ne5 22. Nf3
g4 23. hxg4 Bxg4 24. Bc1 Bxf3 25. Bxf3 Bh6 26. Kh2 Rg6 27. axb6 axb6 28. Bh5
Rf6 29. Rh1 f3 30. g3 Bxc1 31. Qxc1 Nxd3 32. Qg5 Qg7 33. Qd5 Rg8 34. g4 Nf4 35.
Qe5 Nxh5 36. Qxh5 Rh6 0-1

[Event "Lichtenberger Sommer 2017"]
[Site "Berlin"]
[Date "2017.08.23"]
[Round "5.12"]
[White "Heinig, Wolfram"]
[Black "Heuser, Philip"]
[Result "1/2-1/2"]
[WhiteElo "2328"]
[BlackElo "2041"]
[PlyCount "108"]
[EventDate "2017.??.??"]
[WhiteTeam "SK Zehlendorf"]
[BlackTeam "Münchener SC"]

1. Nf3 Nf6 2. c4 c6 3. d4 d5 4. cxd5 cxd5 5. Nc3 Nc6 6. Bf4 Nh5 7. Bd2 e6 8.
Rc1 Bd6 9. e4 dxe4 10. Nxe4 Be7 11. Bb5 Nf6 12. Nc5 O-O 13. Bxc6 bxc6 14. O-O
Qd5 15. Qa4 Nd7 16. Nxd7 Bxd7 17. Ne5 Rfc8 18. Nxd7 Qxd7 19. Rc4 Qb7 20. b3 c5
21. Be3 cxd4 22. Rxd4 Qc6 23. Rfd1 Qxa4 24. Rxa4 a5 25. g3 h6 26. Bb6 Bb4 27.
a3 Bc3 28. Rc1 Rab8 29. Bxa5 Rxb3 30. Bb4 Rc7 31. Kg2 Be5 32. Ra8+ Kh7 33. Rxc7
Bxc7 34. Ra7 Bb6 35. Rxf7 Bd4 36. Rf3 Rb2 37. Bc3 Bxc3 38. Rxc3 Ra2 39. Kf3 Kg6
40. Ke3 Kf5 41. h4 g5 42. hxg5 hxg5 43. f3 g4 44. fxg4+ Kxg4 45. Ke4 Kg5 46.
Re3 Kf6 47. Kd4 e5+ 48. Kc4 Kf5 49. Kb3 Rf2 50. a4 e4 51. Kc4 Ra2 52. Kb5 Rb2+
53. Kc5 Ra2 54. Kb5 Rb2+ 1/2-1/2

[Event "Lichtenberger Sommer 2017"]
[Site "Berlin"]
[Date "2017.08.23"]
[Round "5.13"]
[White "Krüger, Robin-Kevin"]
[Black "Florstedt, Johannes"]
[Result "0-1"]
[WhiteElo "1930"]
[BlackElo "2232"]
[PlyCount "60"]
[EventDate "2017.??.??"]
[WhiteTeam "MTV Tostedt"]
[BlackTeam "SF 1903 Berlin"]

1. e4 e5 2. Nf3 Nc6 3. Bc4 Nf6 4. Ng5 d5 5. exd5 Na5 6. Bb5+ c6 7. dxc6 bxc6 8.
Bd3 Nd5 9. Nf3 Bd6 10. O-O Nf4 11. Re1 Nxd3 12. cxd3 O-O 13. Nc3 c5 14. b3 Re8
15. Ne4 Bf8 16. Ba3 Nc6 17. Rc1 Nb4 18. Bxb4 cxb4 19. Ng3 Bb7 20. Nxe5 Qa5 21.
Nc4 Rxe1+ 22. Qxe1 Qxa2 23. Ra1 Qxb3 24. Na5 Qd5 25. Qe4 Re8 26. Qxd5 Bxd5 27.
Nc4 b3 28. Rb1 Rb8 29. Ne2 Bc5 30. Nc1 b2 0-1

[Event "Lichtenberger Sommer 2017"]
[Site "Berlin"]
[Date "2017.08.23"]
[Round "5.14"]
[White "Teichert, Felix"]
[Black "Förster, Jonas"]
[Result "1/2-1/2"]
[WhiteElo "1973"]
[BlackElo "2330"]
[PlyCount "27"]
[EventDate "2017.??.??"]
[WhiteTeam "Leegebrucher SF"]
[BlackTeam "SV Empor Berlin"]

1. e4 g6 2. d4 Bg7 3. Nc3 d6 4. Bg5 a6 5. a4 h6 6. Be3 Nf6 7. f3 Nbd7 8. Qd2 c6
9. Bd3 Qc7 10. Nce2 b6 11. Nh3 Bb7 12. c3 e5 13. Nf2 d5 14. O-O 1/2-1/2

[Event "Lichtenberger Sommer 2017"]
[Site "Berlin"]
[Date "2017.08.23"]
[Round "5.15"]
[White "Meyer-Dunker, Paul"]
[Black "Kohler, Thomas"]
[Result "1/2-1/2"]
[WhiteElo "1965"]
[BlackElo "2154"]
[PlyCount "63"]
[EventDate "2017.??.??"]
[WhiteTeam "SC Friesen Lichtenberg"]
[BlackTeam "SC Zitadelle Spandau"]

1. e4 c5 2. Nc3 e6 3. Nf3 a6 4. d4 cxd4 5. Nxd4 Qc7 6. Be2 Nf6 7. O-O Nc6 8.
Nxc6 bxc6 9. Bd3 d6 10. f4 Be7 11. e5 dxe5 12. fxe5 Qxe5 13. Qf3 O-O 14. Kh1
Bd6 15. Qh3 Qh5 16. Qxh5 Nxh5 17. Ne4 Be7 18. g4 Nf6 19. Bg5 Nd5 20. c4 Bxg5
21. cxd5 Be3 22. dxc6 Rd8 23. Bc4 Ra7 24. Rad1 Bd4 25. Rd3 Rc7 26. Rfd1 e5 27.
Rf1 Be6 28. Bxe6 fxe6 29. Rdf3 Rxc6 30. Rf7 Rdc8 31. b3 h6 32. g5 1/2-1/2

[Event "Lichtenberger Sommer 2017"]
[Site "Berlin"]
[Date "2017.08.23"]
[Round "5.16"]
[White "Brümmel, Arend"]
[Black "Tscheuschner, Georg"]
[Result "1-0"]
[WhiteElo "2150"]
[BlackElo "1992"]
[PlyCount "79"]
[EventDate "2017.??.??"]
[WhiteTeam "Stader SV"]
[BlackTeam "SV Mattnetz Berlin"]

1. d4 Nf6 2. Nf3 e6 3. Bf4 b6 4. e3 Bb7 5. Nbd2 Be7 6. c3 Nh5 7. Bg3 d6 8. Bb5+
Nd7 9. Qa4 Nxg3 10. hxg3 a6 11. Bd3 g6 12. O-O-O O-O 13. Qc2 Kg7 14. Kb1 c5 15.
e4 cxd4 16. Nxd4 e5 17. N4f3 Nc5 18. Nf1 Nxd3 19. Qxd3 f5 20. N1d2 Rf7 21. exf5
gxf5 22. Qe3 Kg8 23. Nc4 Be4+ 24. Ka1 Qc7 25. Ncd2 Bd5 26. c4 f4 27. gxf4 exf4
28. Qe2 Bc6 29. Rh5 Re8 30. Qd3 Bf8 31. Ng5 Re5 32. Rdh1 Rff5 33. Rxh7 Bg7 34.
Ne6 Rxe6 35. Qxf5 Re2 36. Qg4 f3 37. gxf3 Rxd2 38. Rh8+ Kf7 39. Qf4+ Ke6 40.
Re1+ 1-0

[Event "Lichtenberger Sommer 2017"]
[Site "Berlin"]
[Date "2017.08.23"]
[Round "5.17"]
[White "Behrmann, Joachim"]
[Black "Schäfer, Heiko"]
[Result "1-0"]
[WhiteElo "2206"]
[BlackElo "1993"]
[PlyCount "93"]
[EventDate "2017.??.??"]
[WhiteTeam "SK Zehlendorf"]
[BlackTeam "Potsdamer SV"]

1. d4 d5 2. c4 e6 3. Nc3 c6 4. e4 dxe4 5. Nxe4 Bb4+ 6. Nc3 c5 7. a3 Ba5 8. Be3
Nf6 9. Rc1 O-O 10. dxc5 Bxc3+ 11. Rxc3 Qxd1+ 12. Kxd1 Ng4 13. Nf3 Nd7 14. b4 a5
15. Bd3 axb4 16. axb4 Ra4 17. Rb3 Ra2 18. Bc2 Rd8 19. Kc1 Nxe3 20. Rxe3 Ra1+
21. Bb1 Nf6 22. Kb2 Ra4 23. Kb3 Bd7 24. Ne5 Rda8 25. Nxd7 Nxd7 26. Rd1 Nf6 27.
Red3 Kf8 28. Rd8+ Ke7 29. Rxa8 Rxa8 30. h3 h5 31. Bd3 h4 32. Be2 Ne4 33. Bf3 f5
34. Bxe4 fxe4 35. Re1 Rf8 36. Re2 Rf4 37. b5 g5 38. Kb4 g4 39. Ka5 e3 40. Rxe3
Rxc4 41. Kb6 gxh3 42. Rxh3 Kd7 43. g3 hxg3 44. Rxg3 Rf4 45. Kxb7 Rxf2 46. c6+
Kd6 47. c7 1-0

[Event "Lichtenberger Sommer 2017"]
[Site "Berlin"]
[Date "2017.08.23"]
[Round "5.18"]
[White "Moser, Axel"]
[Black "Di Candia, Roberto"]
[Result "0-1"]
[WhiteElo "2159"]
[BlackElo "1918"]
[PlyCount "114"]
[EventDate "2017.??.??"]
[WhiteTeam "SC Kreuzberg"]
[BlackTeam "SF 1903 Berlin"]

1. d4 g6 2. Nf3 Bg7 3. g3 c5 4. d5 d6 5. Bg2 Nf6 6. O-O b5 7. Re1 O-O 8. a4 b4
9. e4 Bg4 10. h3 Bxf3 11. Bxf3 Nbd7 12. a5 Qc7 13. Bg2 c4 14. Be3 Rab8 15. Nd2
Rfc8 16. b3 cxb3 17. cxb3 Nc5 18. Bd4 Nfd7 19. Bxg7 Kxg7 20. Qb1 Rb5 21. Nc4
Nxb3 22. Qxb3 Qxc4 23. Qxc4 Rxc4 24. Bf1 Rcc5 25. Bxb5 Rxb5 26. Reb1 Nc5 27. f3
a6 28. Kf2 Nb7 29. Ra4 b3 30. Ke3 Nxa5 31. Rb2 Kf8 32. Kd4 e5+ 33. Kc3 Ke7 34.
Rb4 Rc5+ 35. Kd3 Kd7 36. Rb8 Rc7 37. Rf8 Ke7 38. Rh8 h5 39. Ra8 Nb7 40. Kd2 Nc5
41. Rb8 a5 42. R2xb3 Nxb3+ 43. Rxb3 a4 44. Rb4 Ra7 45. Kc2 a3 46. Kb1 a2+ 47.
Ka1 Ra3 48. f4 exf4 49. gxf4 Rxh3 50. Rb7+ Kf6 51. Rd7 Rf3 52. Rxd6+ Ke7 53. e5
Rxf4 54. Rb6 Rf5 55. Rb7+ Kd8 56. e6 fxe6 57. dxe6 Re5 0-1

[Event "Lichtenberger Sommer 2017"]
[Site "Berlin"]
[Date "2017.08.23"]
[Round "5.19"]
[White "Daoud, Marcel"]
[Black "Jaeschke, Jens-Uwe"]
[Result "0-1"]
[WhiteElo "1928"]
[BlackElo "2119"]
[PlyCount "86"]
[EventDate "2017.??.??"]
[WhiteTeam "SK Freising"]
[BlackTeam "SF Nordost Berlin"]

1. e4 c6 2. d4 d5 3. exd5 cxd5 4. Bd3 Nc6 5. c3 Qc7 6. Ne2 Bg4 7. h3 Bxe2 8.
Qxe2 Nxd4 9. Qd1 Nc6 10. O-O e6 11. Nd2 Nf6 12. b3 Be7 13. Bb2 Rd8 14. Rc1 O-O
15. Qe2 Qe5 16. Qxe5 Nxe5 17. Bb1 Nc6 18. Rfe1 Rfe8 19. Nf3 Bf8 20. Rcd1 a6 21.
a3 Bc5 22. Ne5 Nxe5 23. Rxe5 b5 24. g4 Bd6 25. Re2 Bf4 26. Bc1 Bxc1 27. Rxc1
Rc8 28. Bd3 Rc6 29. Rec2 Rec8 30. c4 bxc4 31. bxc4 dxc4 32. Rxc4 Rxc4 33. Rxc4
Rxc4 34. Bxc4 a5 35. Kf1 Kf8 36. Ke2 Ke7 37. Ke3 Kd6 38. Kd4 Nd5 39. Bxd5 exd5
40. h4 g6 41. f3 a4 42. f4 f5 43. g5 Kc6 0-1

[Event "Lichtenberger Sommer 2017"]
[Site "Berlin"]
[Date "2017.08.23"]
[Round "5.20"]
[White "Buttkus, Andre"]
[Black "Hesse, Henrik"]
[Result "0-1"]
[WhiteElo "2031"]
[BlackElo "2124"]
[PlyCount "78"]
[EventDate "2017.??.??"]
[WhiteTeam "SK Tempelhof 1931"]
[BlackTeam "SV Mattnetz Berlin"]

1. e4 g6 2. d4 Bg7 3. Nc3 d5 4. exd5 Nf6 5. Bc4 Nbd7 6. Nf3 O-O 7. O-O Nb6 8.
Bb3 Nbxd5 9. Nxd5 Nxd5 10. Re1 c6 11. Bg5 Re8 12. c3 h6 13. Bd2 a5 14. Bc2 Bg4
15. h3 Bxf3 16. Qxf3 b5 17. Rad1 Qd6 18. Bc1 a4 19. a3 Rad8 20. Bb1 e5 21. dxe5
Rxe5 22. Rxe5 Qxe5 23. Ba2 Rd6 24. Bxd5 Rxd5 25. Rxd5 cxd5 26. Be3 Qe4 27. Qd1
f5 28. Bd4 f4 29. Bxg7 Kxg7 30. Qd4+ Qxd4 31. cxd4 Kf6 32. h4 Kf5 33. f3 g5 34.
hxg5 Kxg5 35. Kh1 Kh4 36. Kh2 h5 37. g3+ fxg3+ 38. Kg2 Kg5 39. Kxg3 h4+ 0-1

[Event "Lichtenberger Sommer 2017"]
[Site "Berlin"]
[Date "2017.08.23"]
[Round "5.21"]
[White "Matitschka, Heinz"]
[Black "Möller, Dustin"]
[Result "1/2-1/2"]
[WhiteElo "1910"]
[BlackElo "2081"]
[PlyCount "95"]
[EventDate "2017.??.??"]
[WhiteTeam "TSG Oberschöneweide"]
[BlackTeam "Eckernförder SC"]

1. d4 d5 2. c4 e6 3. Nc3 c6 4. e3 f5 5. Bd3 Nf6 6. Nge2 Bd6 7. Qc2 O-O 8. f3
Na6 9. a3 dxc4 10. Bxc4 b5 11. Ba2 Nd5 12. Nxd5 cxd5 13. Nf4 Bxf4 14. exf4 Qb6
15. Be3 Bd7 16. O-O Rfc8 17. Qd2 b4 18. Rac1 Rxc1 19. Rxc1 Rb8 20. g4 g6 21.
Kh1 bxa3 22. bxa3 Qb2 23. gxf5 Qxd2 24. Bxd2 Rb2 25. fxe6 Bxe6 26. Rc6 Rxa2 27.
Rxe6 Nc7 28. Re7 Nb5 29. Bb4 Nxd4 30. Re3 Rf2 31. Bc5 Rd2 32. Bxa7 Nc2 33. Rb3
d4 34. Rb8+ Kg7 35. Rd8 d3 36. Bd4+ Kf7 37. Bc3 Rd1+ 38. Kg2 Nxa3 39. Kf2 Nc2
40. Ba5 Ke6 41. Bc3 Na3 42. Ke3 Nc4+ 43. Kd4 Nd6 44. Ke3 Nf5+ 45. Ke4 Nd6+ 46.
Ke3 Ke7 47. Bf6+ Ke6 48. Bc3 1/2-1/2

[Event "Lichtenberger Sommer 2017"]
[Site "Berlin"]
[Date "2017.08.23"]
[Round "5.22"]
[White "Elsing, Jan"]
[Black "Dittrich, Tom"]
[Result "1/2-1/2"]
[WhiteElo "2140"]
[BlackElo "1943"]
[PlyCount "37"]
[EventDate "2017.??.??"]
[WhiteTeam "SC Friesen Lichtenberg"]
[BlackTeam "SG Stadtilm"]

1. c4 e5 2. Nc3 Nf6 3. g3 d5 4. cxd5 Nxd5 5. Bg2 Nb6 6. Nf3 Nc6 7. O-O Be7 8.
d3 O-O 9. Be3 Re8 10. a3 Bf8 11. Na4 Nd4 12. Nxb6 axb6 13. Re1 Bg4 14. Nxd4
exd4 15. Bf4 c6 16. h3 Bf5 17. g4 Bg6 18. Qd2 Bd6 19. Bf3 1/2-1/2

[Event "Lichtenberger Sommer 2017"]
[Site "Berlin"]
[Date "2017.08.23"]
[Round "5.23"]
[White "Roth, Josef"]
[Black "Schmalisch, Bastian"]
[Result "1-0"]
[WhiteElo "2032"]
[BlackElo "1600"]
[PlyCount "63"]
[EventDate "2017.??.??"]
[WhiteTeam "SK König Tegel"]
[BlackTeam "vereinslos"]

1. e4 c6 2. d4 d5 3. e5 Bf5 4. Nf3 e6 5. Be2 c5 6. Be3 Qb6 7. Nc3 Nd7 8. O-O
Rc8 9. dxc5 Bxc5 10. Na4 Qa5 11. Nxc5 Nxc5 12. b4 Qxb4 13. Rb1 Qc3 14. Bxc5
Bxc2 15. Qc1 Qxc5 16. Rxb7 Ne7 17. Qg5 Ba4 18. Qxg7 Rg8 19. Qxh7 Bc6 20. Rbb1
Kd7 21. Rfc1 Qa3 22. Nd4 Qa4 23. Nxc6 Rxc6 24. Rxc6 Kxc6 25. Bb5+ Qxb5 26. Rxb5
Kxb5 27. Qxf7 Rc8 28. h4 Rc1+ 29. Kh2 Nc6 30. Qxe6 d4 31. Qb3+ Ka6 32. Qa3+ 1-0

[Event "Lichtenberger Sommer 2017"]
[Site "Berlin"]
[Date "2017.08.23"]
[Round "5.24"]
[White "Schulz, Toni"]
[Black "Jahn, Thomas"]
[Result "0-1"]
[WhiteElo "1878"]
[BlackElo "2191"]
[PlyCount "66"]
[EventDate "2017.??.??"]
[WhiteTeam "ESV Lok Raw Cottbus"]
[BlackTeam "SV Empor Berlin"]

1. d4 Nf6 2. Bf4 d6 3. e3 g6 4. Be2 Bg7 5. Nf3 Nh5 6. Bg5 Nd7 7. c3 O-O 8. Nfd2
Nhf6 9. h4 h6 10. Bf4 e5 11. Bh2 Re8 12. Nf3 exd4 13. cxd4 Ne4 14. Nc3 Ndf6 15.
Nxe4 Nxe4 16. h5 g5 17. Nd2 Bf5 18. f3 Nf6 19. g4 Bd7 20. Qb3 Qe7 21. Kf2 Nd5
22. Ne4 Bc6 23. Bb5 Nxe3 24. Bxc6 bxc6 25. Qxe3 d5 26. Rae1 dxe4 27. Qxe4 Qd7
28. Qc2 Qxd4+ 29. Kg2 Rad8 30. Bxc7 Qd2+ 31. Qxd2 Rxd2+ 32. Kg3 Rc8 33. Re7
Rxc7 0-1

[Event "Lichtenberger Sommer 2017"]
[Site "Berlin"]
[Date "2017.08.23"]
[Round "5.25"]
[White "Ros Alonso, Jaume"]
[Black "Hüls, Maximilian"]
[Result "1-0"]
[WhiteElo "2119"]
[BlackElo "1767"]
[PlyCount "103"]
[EventDate "2017.??.??"]
[WhiteTeam "Sant Boi de Llobregat"]
[BlackTeam "SV Mattnetz Berlin"]

1. e4 e6 2. d4 d5 3. Nd2 Nf6 4. e5 Nfd7 5. Bd3 c5 6. c3 Nc6 7. Ne2 cxd4 8. cxd4
f6 9. exf6 Nxf6 10. O-O Bd6 11. Nf3 Qc7 12. Bg5 O-O 13. Bh4 Nh5 14. Nc3 a6 15.
Rc1 g6 16. Na4 Qg7 17. Nb6 Rb8 18. Bxa6 Rxf3 19. Qxf3 Nxd4 20. Qg4 Qe5 21. g3
bxa6 22. Rxc8+ Rxc8 23. Nxc8 Bc5 24. Kg2 Nf5 25. b4 Bd4 26. Ne7+ Nxe7 27. Bxe7
Kf7 28. Bd6 Qxd6 29. Qxd4 Nf6 30. Re1 Nd7 31. Qf4+ Qxf4 32. gxf4 Nb6 33. Rc1
Nc4 34. Rxc4 dxc4 35. Kf3 Ke7 36. Ke4 Kd6 37. Kd4 c3 38. Kxc3 Kd5 39. a4 h6 40.
b5 axb5 41. axb5 Kc5 42. b6 Kxb6 43. Kd4 Kc6 44. Ke5 Kd7 45. Kf6 g5 46. fxg5
hxg5 47. Kxg5 Ke7 48. Kg6 e5 49. Kf5 Kf7 50. Kxe5 Kg6 51. f4 Kg7 52. Ke6 1-0

[Event "Lichtenberger Sommer 2017"]
[Site "Berlin"]
[Date "2017.08.23"]
[Round "5.26"]
[White "Gaerths, Ronny"]
[Black "Schubert, Joachim"]
[Result "1-0"]
[WhiteElo "2182"]
[BlackElo "1893"]
[PlyCount "71"]
[EventDate "2017.??.??"]
[WhiteTeam "SG TT/Wiheil"]
[BlackTeam "SC Friesen Lichtenberg"]

1. d4 f5 2. Bg5 c5 3. dxc5 Qa5+ 4. Nc3 Qxc5 5. Nf3 d6 6. e4 fxe4 7. Nxe4 Qb4+
8. Nc3 Bg4 9. Qd2 Nc6 10. Be2 h6 11. Be3 Nf6 12. O-O a6 13. a3 Qa5 14. b4 Qd8
15. Nh4 Qd7 16. f4 Bxe2 17. Qxe2 Qg4 18. Nf3 Qh5 19. Na4 Ng4 20. Nb6 Rd8 21. h3
Nf6 22. c4 Kf7 23. Rae1 Kg8 24. Bc1 Qf7 25. f5 Kh7 26. Bb2 Qh5 27. Qe6 Rg8 28.
Nd5 Nxd5 29. cxd5 Nb8 30. Re4 Qe8 31. Rh4 g5 32. Re4 Rd7 33. f6 Qc8 34. Qf5+
Rg6 35. fxe7 Rc7 36. exf8=N+ 1-0

[Event "Lichtenberger Sommer 2017"]
[Site "Berlin"]
[Date "2017.08.23"]
[Round "5.27"]
[White "Acikel, Mert"]
[Black "Slepuschkin, Shenis"]
[Result "0-1"]
[WhiteElo "1914"]
[BlackElo "2169"]
[PlyCount "52"]
[EventDate "2017.??.??"]
[WhiteTeam "SK König Tegel"]
[BlackTeam "SG NARVA Berlin"]

1. e4 e6 2. d4 d5 3. Nd2 dxe4 4. Nxe4 Qd5 5. Nc3 Bb4 6. Nge2 Nc6 7. Bd2 Qh5 8.
d5 exd5 9. Nb5 Qe5 10. c3 Ba5 11. Bf4 Qe7 12. Qxd5 Be6 13. Qg5 f6 14. Qg3 O-O-O
15. b4 Nxb4 16. cxb4 Qxb4+ 17. Nbc3 Bc4 18. Rc1 Ne7 19. Qg4+ Kb8 20. a3 Qb3 21.
Qxg7 Nd5 22. Bd2 Nxc3 23. Bxc3 Rd1+ 24. Rxd1 Bxc3+ 25. Nxc3 Qxc3+ 26. Rd2 Qc1+
0-1

[Event "Lichtenberger Sommer 2017"]
[Site "Berlin"]
[Date "2017.08.23"]
[Round "5.28"]
[White "Dimitrijeski, Kristian"]
[Black "Kievelitz, Bernd"]
[Result "1-0"]
[WhiteElo "2182"]
[BlackElo "1889"]
[PlyCount "111"]
[EventDate "2017.??.??"]
[WhiteTeam "SK König Tegel"]
[BlackTeam "SC Zitadelle Spandau"]

1. d4 Nf6 2. c4 e6 3. Nc3 Bb4 4. Qc2 Nc6 5. Nf3 O-O 6. Bf4 d6 7. e3 Re8 8. Bg5
h6 9. Bh4 e5 10. d5 Nb8 11. Be2 Nbd7 12. O-O Bxc3 13. Qxc3 a5 14. Qc2 Nc5 15.
Nd2 Bd7 16. e4 g5 17. Bg3 Nh7 18. f3 Nf8 19. b3 b6 20. a3 Ng6 21. b4 Nb7 22.
Rac1 Nf4 23. Rfe1 Qe7 24. Bf2 axb4 25. axb4 Nxe2+ 26. Rxe2 Ra7 27. c5 dxc5 28.
bxc5 Nxc5 29. Bxc5 bxc5 30. Qxc5 Qxc5+ 31. Rxc5 Rb8 32. Nc4 Rb1+ 33. Kf2 Bb5
34. Rc2 Bxc4 35. R5xc4 Rbb7 36. Rc6 Kg7 37. Kg3 h5 38. h4 g4 39. fxg4 Ra3+ 40.
R2c3 Rbb3 41. Rxb3 Rxb3+ 42. Kf2 hxg4 43. Rxc7 Rd3 44. Ke2 Rg3 45. Kf2 Rd3 46.
h5 Ra3 47. h6+ Kxh6 48. Rxf7 Ra4 49. Ke3 Ra3+ 50. Kf2 Ra4 51. Ke3 Ra3+ 52. Ke2
Ra2+ 53. Kd3 Rxg2 54. d6 Rg1 55. Ke2 Rg2+ 56. Rf2 1-0

[Event "Lichtenberger Sommer 2017"]
[Site "Berlin"]
[Date "2017.08.23"]
[Round "5.29"]
[White "Badestein, Hartmut"]
[Black "Amelang, Thomas"]
[Result "0-1"]
[WhiteElo "2046"]
[BlackElo "2178"]
[PlyCount "80"]
[EventDate "2017.??.??"]
[WhiteTeam "SC Friesen Lichtenberg"]
[BlackTeam "Münchener SC"]

1. Nf3 g6 2. d4 Bg7 3. Bf4 c5 4. e3 Nf6 5. h3 O-O 6. Bd3 Nc6 7. O-O cxd4 8.
exd4 Qb6 9. Nbd2 Nxd4 10. Nc4 Nxf3+ 11. Qxf3 Qd8 12. Rad1 d6 13. Rfe1 Qc7 14.
Qe2 Be6 15. c3 Rac8 16. Nd2 a6 17. a3 Rfe8 18. Ne4 Bb3 19. Nxf6+ Bxf6 20. Rd2
Ba4 21. Qg4 Bd7 22. Qf3 Bc6 23. Qg3 e5 24. Bh6 d5 25. Bf5 Rcd8 26. h4 Qe7 27.
h5 Bg7 28. Bxg7 Kxg7 29. Bc2 Qf6 30. Bb3 d4 31. cxd4 exd4 32. Rxe8 Rxe8 33. Bc4
Re5 34. h6+ Kxh6 35. f4 Re3 36. Qg4 Kg7 37. Re2 Rxe2 38. Bxe2 d3 39. Bf3 Qd4+
40. Kh2 Bxf3 0-1